| 000 | 00959nam a22003017a 4500 | ||
|---|---|---|---|
| 003 | CHAP | ||
| 005 | 20220329134918.0 | ||
| 008 | 971013s1978 r 00010 d | ||
| 010 | _a27957 | ||
| 011 | _a28929 | ||
| 035 | _a33040 | ||
| 040 | _cCHAP | ||
| 082 |
_a636.085 _bM24 |
||
| 100 | 0 | 0 |
_aMcCullough, Marshall E. _eed. _973456 |
| 245 |
_aFermentation of silage _b: a review |
||
| 260 |
_aDes Moines, Iowa : _bNational Feed Ingredients Association, _c1978 |
||
| 300 |
_a332 p. _b; tablas |
||
| 590 |
_aBATCH-UPD _b10 _c20130110 _lUCH01 _h0310 |
||
| 590 |
_aBATCH-UPD _b10 _c20130110 _lUCH01 _h1713 |
||
| 590 |
_aBATCH-UPD _b10 _c20130409 _lUCH01 _h2342 |
||
| 590 |
_aBATCH-UPD _b10 _c20130914 _lUCH01 _h1310 |
||
| 590 |
_aCONVERSION _b10 _c20130109 _lUCH01 _h1316 |
||
| 650 | 1 | 4 |
_aEnsilaje. _937102 |
| 650 | 1 | 4 |
_aFermentación. _940083 |
| 901 | _aBK | ||
| 942 | _cLIBRO | ||
| 949 |
_a636.085 M24 _bBC _cLIBRO _d33724000267100 _eLIBRO _h58811 _i33040 _mDirecto _si _t1.42 |
||
| 999 |
_c27957 _d27957 |
||